Ekonomická univerzita. University of Economics Bratislava

Na minha lista:
Detalhes bibliográficos
Formato: Livro
Idioma:eslovaco
inglês
Publicado em: Bratislava Ekonomická univerzita 1995
Edição:1. vyd.
Assuntos:
Tags: Adicionar Tag
Sem tags, seja o primeiro a adicionar uma tag!

MARC

LEADER 00000nam a2200000 4500
001 c013263
005 20221128072729.4
041 0 |a slo 
041 0 |a eng 
044 |a SK 
245 1 0 |a Ekonomická univerzita. University of Economics Bratislava 
250 |a 1. vyd. 
264 1 |a Bratislava  |b Ekonomická univerzita  |c 1995 
300 |a [25] s. 
610 2 0 |a školy vysoké 
610 2 0 |a ekonómovia 
610 2 0 |a učitelia 
610 2 0 |a vyučovanie 
610 2 0 |a Ekonomická univerzita v Bratislave 
610 2 0 |a univerzity